[Event "SVK 3.liga A2"]
[Site "?"]
[Date "2020.06.21"]
[Round "10.3"]
[White "Pericka, Pavol"]
[Black "Bartos, Bohumil"]
[Result "1-0"]
[WhiteElo "1834"]
[BlackElo "1502"]
[PlyCount "34"]
[EventDate "2019.10.06"]

1. e4 c6 2. d4 d5 3. e5 Bf5 4. Nf3 e6 5. c3 Nd7 6. a4 c5 7. Be2 cxd4 8. cxd4
Bb4+ 9. Bd2 Qa5 10. Qb3 Bxd2+ 11. Nbxd2 Qb6 12. Bb5 Ne7 13. a5 Qc7 14. O-O Rc8
15. Qa4 a6 16. Be2 O-O 17. Rac1 Qb8 1-0

[Event "SVK 3.liga A2"]
[Site "?"]
[Date "2020.06.21"]
[Round "10.3"]
[White "Danihel, Jozef"]
[Black "Hrdlicka, Martin"]
[Result "1-0"]
[WhiteElo "1536"]
[BlackElo "1794"]
[PlyCount "83"]
[EventDate "2019.10.06"]

1. d4 d5 2. Nf3 Nf6 3. Nc3 e6 4. a3 c5 5. e3 Nc6 6. Bb5 a6 7. Bxc6+ bxc6 8. O-O
Bd6 9. Re1 cxd4 10. exd4 O-O 11. h3 Qc7 12. Ne5 c5 13. Bf4 cxd4 14. Qxd4 Bc5
15. Qd2 Bd6 16. Qd4 Bb7 17. Rac1 Rfd8 18. Bg5 Ne4 19. Bxd8 Rxd8 20. Nd3 e5 21.
Qa4 Bc6 22. Qb3 Nd2 23. Qa2 d4 24. Nd5 Qb7 25. c4 dxc3 26. bxc3 Nb3 27. c4 Nxc1
28. Rxc1 e4 29. N3b4 Bc5 30. Nxc6 Qxc6 31. Qd2 Bxa3 32. Rb1 Bc5 33. Qg5 f6 34.
Qf5 Re8 35. Qf4 Bd6 36. Qe3 Qxc4 37. Rd1 Bc5 38. Qg3 Qc2 39. Rf1 Qd2 40. Nxf6+
Kf7 41. Nxe8 Kxe8 42. Qe5+ 1-0

[Event "SVK 3.liga A2"]
[Site "?"]
[Date "2020.06.21"]
[Round "10.3"]
[White "Ulehla, Jakub"]
[Black "Drabek, Martin"]
[Result "1-0"]
[WhiteElo "1860"]
[BlackElo "1465"]
[PlyCount "59"]
[EventDate "2019.10.06"]

1. e4 e5 2. f4 d6 3. Nf3 exf4 4. Bc4 h6 5. d4 Bg4 6. O-O Be7 7. Bxf4 Nf6 8.
Nbd2 Nbd7 9. c3 O-O 10. Qb3 b6 11. e5 dxe5 12. Nxe5 Nxe5 13. Bxe5 a6 14. Bxf6
Bxf6 15. Ne4 b5 16. Nxf6+ gxf6 17. Bd3 Bh5 18. Rf2 Bg6 19. Bxg6 Kg7 20. Bd3 Rb8
21. Qd1 Qd5 22. Qg4+ Qg5 23. Qxg5+ fxg5 24. Re2 Rbd8 25. Bc2 Rd6 26. Re7 c6 27.
Bb3 a5 28. Rf1 Rf6 29. Rxf6 Kxf6 30. Rc7 1-0

[Event "SVK 3.liga A2"]
[Site "?"]
[Date "2020.06.21"]
[Round "10.3"]
[White "Romanova, Ela"]
[Black "Sadlon, Matus"]
[Result "0-1"]
[WhiteElo "1496"]
[BlackElo "1718"]
[PlyCount "58"]
[EventDate "2019.10.06"]

1. e4 e5 2. Nc3 Nf6 3. f4 d6 4. Nf3 Nc6 5. Bb5 Bg4 6. d3 Be7 7. h3 Bxf3 8. Qxf3
O-O 9. f5 Nd4 10. Qf2 c6 11. Ba4 Nh5 12. h4 b5 13. Bb3 a5 14. a3 b4 15. Nd1 d5
16. g3 Bc5 17. Qg2 a4 18. Ba2 Qa5 19. c3 b3 20. Bb1 Nb5 21. Bd2 Qb6 22. Nf2
Rad8 23. Bg5 Rd7 24. O-O h6 25. Bc1 Rfd8 26. Kh2 Bxf2 27. Rxf2 Nf6 28. Qf3 h5
29. Bg5 Ng4+ 0-1

[Event "SVK 3.liga A2"]
[Site "?"]
[Date "2020.06.21"]
[Round "10.5"]
[White "Liptak, Tomas"]
[Black "Danada, Tomas"]
[Result "0-1"]
[WhiteElo "2211"]
[BlackElo "2313"]
[PlyCount "66"]
[EventDate "2020.06.21"]
[SourceDate "2020.06.21"]

1. e4 c5 2. Nf3 Nc6 3. c3 Nf6 4. Bd3 d5 5. e5 c4 6. Bc2 Nd7 7. Qe2 Qc7 8. e6
fxe6 9. Qxe6 Nf6 10. Qe2 e5 11. b3 cxb3 12. Bxb3 Bg4 13. h3 Bh5 14. g4 Bf7 15.
d4 e4 16. O-O O-O-O 17. Nh4 Rg8 18. Ng2 Bd6 19. Ba3 Bh2+ 20. Kh1 g5 21. Ne3 h5
22. Nd2 hxg4 23. hxg4 Rh8 24. Kg2 Rh4 25. Rh1 Nxg4 26. Nxg4 Bh5 27. Bd1 Kb8 28.
Rxh2 Rxh2+ 29. Nxh2 Bxe2 30. Bxe2 Ne7 31. Bb2 Ng6 32. Ng4 Nf4+ 33. Kg1 Nd3 0-1

[Event "SVK 3.liga A2"]
[Site "?"]
[Date "2020.06.21"]
[Round "10.5"]
[White "Sosovicka, Juraj"]
[Black "Liptak, Dusan"]
[Result "0-1"]
[WhiteElo "2114"]
[BlackElo "2150"]
[PlyCount "40"]
[EventDate "2020.06.21"]
[SourceDate "2020.06.21"]

1. b3 d5 2. Bb2 c5 3. Nf3 Nc6 4. g3 Nf6 5. Bg2 Qc7 6. e3 e5 7. d4 e4 8. Nfd2
cxd4 9. exd4 Bd6 10. c4 Bg4 11. f3 Bxg3+ 12. hxg3 Qxg3+ 13. Kf1 exf3 14. Bxf3
Bh3+ 15. Rxh3 Qxh3+ 16. Kf2 O-O 17. Qh1 Qf5 18. Na3 Nb4 19. Kg2 Qg5+ 20. Kh3
Nd3 0-1

[Event "SVK 3.liga A2"]
[Site "?"]
[Date "2020.06.21"]
[Round "10.5"]
[White "Kovacocy, Pavel"]
[Black "Nemsak, Denis"]
[Result "1-0"]
[WhiteElo "2266"]
[BlackElo "2072"]
[PlyCount "107"]
[EventDate "2020.06.21"]
[SourceDate "2020.06.21"]

1. e4 d5 2. exd5 Nf6 3. Bb5+ Bd7 4. Be2 Nxd5 5. d4 Bf5 6. Nf3 e6 7. O-O Be7 8.
a3 O-O 9. c4 Nb6 10. Nc3 Nc6 11. h3 h6 12. Be3 Bf6 13. Rc1 Re8 14. b4 Qe7 15.
Qb3 Rad8 16. Rfd1 Qf8 17. Rd2 g5 18. Rcd1 Qg7 19. b5 Ne7 20. Nh2 c6 21. Ng4
Bxg4 22. hxg4 cxb5 23. Qxb5 Nc6 24. Ne4 Re7 25. d5 exd5 26. Nxf6+ Qxf6 27. cxd5
Ne5 28. d6 Re6 29. Bxb6 axb6 30. Qxb6 Nd7 31. Qxb7 Nc5 32. Qf3 Ne4 33. Qxf6
Rxf6 34. Rd4 Nc3 35. R1d2 Nxe2+ 36. Rxe2 Rfxd6 37. Rxd6 Rxd6 38. Ra2 Ra6 39. a4
Kg7 40. f3 Kg6 41. Kf2 f5 42. gxf5+ Kxf5 43. Ke3 h5 44. Kd4 g4 45. fxg4+ Kxg4
46. Kc5 Kg3 47. Kb5 Rh6 48. a5 h4 49. a6 Rh7 50. Rc2 Rh5+ 51. Kb6 Rg5 52. a7
Rg6+ 53. Kb7 Rg8 54. a8=Q 1-0

[Event "SVK 3.liga A2"]
[Site "?"]
[Date "2020.06.21"]
[Round "10.5"]
[White "Brunovsky, Peter"]
[Black "Markuliak, Mario"]
[Result "1/2-1/2"]
[WhiteElo "1905"]
[BlackElo "1828"]
[PlyCount "69"]
[EventDate "2020.06.21"]
[SourceDate "2020.06.21"]

1. d4 d6 2. Nf3 Nd7 3. Bf4 g6 4. e3 Bg7 5. Nbd2 e5 6. Bg3 exd4 7. exd4 Ngf6 8.
Qe2+ Qe7 9. Qxe7+ Kxe7 10. Bd3 Re8 11. O-O b6 12. Rfe1+ Kf8 13. Rxe8+ Kxe8 14.
c3 Bb7 15. Bc4 h6 16. h3 Kf8 17. Re1 Re8 18. Rxe8+ Kxe8 19. Ne1 Nf8 20. Nd3 Ne6
21. f3 Ke7 22. Bh2 g5 23. g4 Nd5 24. Kf2 a6 25. Nf1 b5 26. Bb3 a5 27. a3 Kd7
28. Ne3 Nxe3 29. Kxe3 Ke7 30. Bg3 Nd8 31. h4 Bc8 32. d5 f5 33. gxf5 Bxf5 34.
Nf2 Nb7 35. hxg5 1/2-1/2

[Event "SVK 3.liga A2"]
[Site "?"]
[Date "2020.06.21"]
[Round "10.5"]
[White "Vlkovic, Pavol"]
[Black "Takacs, Zsolt"]
[Result "1-0"]
[WhiteElo "1825"]
[BlackElo "1736"]
[PlyCount "57"]
[EventDate "2020.06.21"]
[SourceDate "2020.06.21"]

1. e4 c5 2. Nf3 Nc6 3. c3 e5 4. Bc4 Be7 5. O-O Nf6 6. d3 O-O 7. h3 d6 8. Re1
Na5 9. Bb5 a6 10. Ba4 b5 11. Bc2 Nc6 12. a4 Bb7 13. Nbd2 h6 14. Nf1 Nh7 15. Ne3
Bg5 16. Nxg5 Nxg5 17. Nf5 Nh7 18. Qg4 Qf6 19. Bxh6 g6 20. Bxf8 Kxf8 21. Ne3 Bc8
22. Qg3 b4 23. Nd5 Qd8 24. f4 Ne7 25. fxe5 Nxd5 26. exd5 dxe5 27. Qxe5 f6 28.
Qe3 Qxd5 29. Qh6+ 1-0

[Event "SVK 3.liga A2"]
[Site "?"]
[Date "2020.06.21"]
[Round "10.5"]
[White "Kanka, Tomas"]
[Black "Hornak, Pavol"]
[Result "0-1"]
[WhiteElo "1763"]
[BlackElo "1733"]
[PlyCount "193"]
[EventDate "2020.06.21"]
[SourceDate "2020.06.21"]

1. e4 c5 2. d4 cxd4 3. c3 dxc3 4. Nxc3 Nc6 5. Nf3 a6 6. Bd3 e6 7. O-O Be7 8.
Re1 d6 9. Bd2 Nf6 10. Qb3 O-O 11. Rac1 Nd7 12. Bb1 Nc5 13. Qc2 Nb4 14. Qd1 Ncd3
15. Nd4 Nxc1 16. Bxc1 e5 17. Nf5 Be6 18. Qg4 g6 19. Bh6 Re8 20. g3 Bf8 21. Bg5
f6 22. Be3 Bg7 23. a3 Nc6 24. h4 gxf5 25. exf5 Bf7 26. Bh6 Bg6 27. Ba2+ Kh8 28.
Bxg7+ Kxg7 29. h5 Ne7 30. hxg6 h6 31. Qh4 Qb6 32. Ne4 Rf8 33. Be6 d5 34. Nc3
Qxb2 35. Na4 Qd2 36. Rb1 b5 37. Nb6 Rad8 38. Nd7 Rxd7 39. Bxd7 Qc2 40. Qb4 Nxf5
41. Bxf5 Qxf5 42. Qe7+ Kxg6 43. Qxf8 Qxb1+ 44. Kh2 Qb2 45. Kh3 Qe2 46. Qg8+ Kf5
47. Qh7+ Ke6 48. Qg8+ Kd6 49. Qf8+ Kc6 50. Qc8+ Kb6 51. Qb8+ Kc5 52. Qf8+ Kd4
53. Qxf6 h5 54. Kg2 Kd3 55. Qxa6 Qe4+ 56. Kh2 Qa4 57. Qd6 Qd4 58. Kg1 e4 59.
Qg6 Qa1+ 60. Kg2 Qxa3 61. Qg5 Qb3 62. Qxh5 d4 63. Qf5 Qb2 64. Qg6 Qc2 65. Qa6
Qb2 66. Kf1 Qb1+ 67. Kg2 Qb3 68. Kf1 Qc4 69. Qa3+ Qc3 70. Qa6 Qb3 71. Kg2 Qb2
72. Qg6 Qb4 73. Kf1 Qd2 74. Qf5 Qc3 75. Qxb5+ Kc2 76. Qe2+ Qd2 77. Qxe4+ d3 78.
Qc4+ Qc3 79. Qa4+ Kc1 80. Qf4+ Qd2 81. Qc4+ Qc2 82. Qf4+ d2 83. Ke2 Qd1+ 84.
Ke3 Qb3+ 85. Ke2 Qb5+ 86. Kf3 Qd3+ 87. Kg2 Kc2 88. Qa4+ Qb3 89. Qe4+ Kc1 90.
Qf4 Qd3 91. g4 Kd1 92. g5 Ke1 93. Qb4 Qf1+ 94. Kg3 Qxf2+ 95. Kg4 Qe2+ 96. Kh4
Kf1 97. Qxd2 0-1

[Event "SVK 3.liga A2"]
[Site "?"]
[Date "2020.06.21"]
[Round "10.5"]
[White "Stefik, Miroslav"]
[Black "Papanek, Lubomir"]
[Result "1-0"]
[WhiteElo "1623"]
[BlackElo "1555"]
[PlyCount "85"]
[EventDate "2020.06.21"]
[SourceDate "2020.06.21"]

1. e4 c5 2. Nf3 Nc6 3. Nc3 d6 4. d4 cxd4 5. Nxd4 e5 6. Nf3 Nf6 7. Be2 Bg4 8.
O-O Be7 9. h3 Bxf3 10. Bxf3 O-O 11. Nd5 Nd4 12. Nxf6+ Bxf6 13. Bg4 Ne6 14. Qd5
Qe7 15. c3 Bg5 16. Bxg5 Nxg5 17. f4 exf4 18. Rxf4 Qe5 19. Raf1 Qxd5 20. exd5 f6
21. h4 Nf7 22. Be6 Rfe8 23. Rc4 Kf8 24. g4 Re7 25. g5 Nd8 26. gxf6 gxf6 27.
Rxf6+ Kg7 28. Rcf4 Nxe6 29. Rxe6 Rxe6 30. dxe6 Re8 31. Rf7+ Kg6 32. Rxb7 Rxe6
33. Kf2 Re4 34. Kg3 h5 35. Rxa7 Rg4+ 36. Kh3 Rg1 37. Ra4 Rb1 38. Rb4 Kf5 39. a4
d5 40. Kg2 Rd1 41. Rd4 Rxd4 42. cxd4 Ke4 43. a5 1-0

[Event "SVK 3.liga A2"]
[Site "?"]
[Date "2020.06.21"]
[Round "10.5"]
[White "Ralbovsky, Milan"]
[Black "Prigoda, Lubos"]
[Result "1-0"]
[WhiteElo "1263"]
[BlackElo "1442"]
[PlyCount "105"]
[EventDate "2020.06.21"]
[SourceDate "2020.06.21"]

1. g3 d5 2. b3 c6 3. Bh3 Bxh3 4. Nxh3 Nf6 5. Bb2 e6 6. Nc3 Be7 7. a4 O-O 8. Ba3
Re8 9. O-O Qd7 10. Nf4 e5 11. Nd3 Bxa3 12. Rxa3 Qh3 13. f3 d4 14. Ne4 Nxe4 15.
fxe4 Nd7 16. Rf5 g6 17. Nf2 Qh6 18. Ng4 Qf8 19. Nf6+ Nxf6 20. Rxf6 Qxa3 21. Qf1
Re7 22. Kg2 Rd8 23. Kh3 Kg7 24. Kg4 Rd6 25. Rf3 Rde6 26. Qh3 Qd6 27. Kg5 Rf6
28. Qh6+ Kg8 29. Rxf6 Qd8 30. Kg4 Qd7+ 31. Kf3 Re6 32. Rxe6 Qxe6 33. Qg5 f6 34.
Qg4 Kf7 35. h4 h5 36. Qxe6+ Kxe6 37. e3 c5 38. exd4 cxd4 39. c3 a6 40. cxd4
exd4 41. Kf4 d3 42. Ke3 Ke5 43. Kxd3 g5 44. Ke3 gxh4 45. gxh4 f5 46. exf5 Kxf5
47. d4 Ke6 48. Ke4 Kd6 49. Kf5 Kd5 50. Kg5 Kxd4 51. Kxh5 Ke5 52. Kg6 Ke6 53. h5
1-0

[Event "SVK 3.liga A2"]
[Site "?"]
[Date "2020.06.21"]
[Round "10.6"]
[White "Babirat, Michal"]
[Black "Vodicka, Michal"]
[Result "1-0"]
[WhiteElo "1874"]
[BlackElo "1870"]
[PlyCount "55"]
[EventDate "2019.10.06"]

1. c4 f5 2. d4 Nf6 3. Nc3 e6 4. Nf3 c6 5. e3 d5 6. Be2 Bd6 7. O-O O-O 8. c5 Bc7
9. b4 Ne4 10. Qc2 Nd7 11. Bb2 Rf6 12. Nxe4 fxe4 13. Ne5 Rh6 14. f4 Bxe5 15.
dxe5 Qh4 16. h3 Qg3 17. Bg4 Qxe3+ 18. Kh2 b6 19. Rad1 Ba6 20. Bc1 Bd3 21. Qb2
Bxf1 22. Bxe3 Bc4 23. f5 exf5 24. Bxf5 Nf8 25. Bxh6 gxh6 26. e6 Ng6 27. Bxg6
hxg6 28. Qf6 1-0

[Event "SVK 3.liga A2"]
[Site "?"]
[Date "2020.06.21"]
[Round "10.6"]
[White "Slaba, Andrea"]
[Black "Holicky, Miroslav"]
[Result "0-1"]
[WhiteElo "1969"]
[BlackElo "1793"]
[PlyCount "82"]
[EventDate "2019.10.06"]

1. d4 d5 2. c4 c6 3. Nf3 Nf6 4. Nc3 e6 5. Bg5 dxc4 6. e4 b5 7. e5 h6 8. Bh4 g5
9. Nxg5 hxg5 10. Bxg5 Nbd7 11. exf6 Qb6 12. g3 Bb7 13. Bg2 O-O-O 14. O-O Ne5
15. dxe5 Rxd1 16. Raxd1 Bc5 17. Ne4 a5 18. Nd6+ Bxd6 19. Rxd6 Qc5 20. Bf4 Qb4
21. Rfd1 Qxb2 22. Bxc6 Bxc6 23. Rxc6+ Kb7 24. Rcd6 Rc8 25. R6d2 Qb4 26. h4 c3
27. Rd7+ Rc7 28. Rxc7+ Kxc7 29. Rc1 Kd7 30. Kh2 Qd4 31. h5 Qxf2+ 32. Kh3 Qf3
33. h6 b4 34. Kh4 Qe4 35. Rd1+ Kc7 36. Rc1 c2 37. g4 a4 38. Rf1 b3 39. axb3
axb3 40. Bc1 Qxe5 41. Bf4 Qxf4 0-1

[Event "SVK 3.liga A2"]
[Site "?"]
[Date "2020.06.21"]
[Round "10.6"]
[White "Suchan, Jozef"]
[Black "Podjavorinsky, Michal"]
[Result "0-1"]
[WhiteElo "1711"]
[BlackElo "1979"]
[PlyCount "62"]
[EventDate "2019.10.06"]

1. d4 d5 2. c4 c6 3. e3 e6 4. Nf3 f5 5. Be2 Nf6 6. O-O Bd6 7. b3 Qe7 8. Nc3 O-O
9. c5 Bc7 10. b4 a6 11. Qa4 Ne4 12. Bb2 Nd7 13. b5 cxb5 14. Nxb5 Ndxc5 15. dxc5
Bd7 16. Qd4 axb5 17. Rfc1 Ra4 18. Qd1 Rfa8 19. a3 Bc6 20. Qc2 f4 21. Nd4 fxe3
22. fxe3 Qh4 23. Bf3 Bxh2+ 24. Kf1 Rc4 25. Bc3 Rxc3 26. Qb2 Ng3+ 27. Ke1 Rxe3+
28. Kd2 Qf4 29. Kc2 Ra4 30. Rd1 Nf5 31. Nxb5 Qc4+ 0-1

[Event "SVK 3.liga A2"]
[Site "?"]
[Date "2020.06.21"]
[Round "10.6"]
[White "Strapko, Tomas"]
[Black "Sottnik, Filip"]
[Result "1-0"]
[WhiteElo "1865"]
[BlackElo "1675"]
[PlyCount "35"]
[EventDate "2019.10.06"]

1. e4 e5 2. Nf3 Nc6 3. Bb5 a6 4. Ba4 Nf6 5. O-O b5 6. Bb3 d6 7. c3 Be7 8. d4
O-O 9. h3 exd4 10. cxd4 Nxe4 11. Bd5 Nxf2 12. Rxf2 Bb7 13. Nc3 Rb8 14. a3 Bf6
15. Ne4 h6 16. Nxf6+ Qxf6 17. Ne5 Qe7 18. Nxc6 1-0

[Event "SVK 3.liga A2"]
[Site "?"]
[Date "2020.06.21"]
[Round "10.6"]
[White "Benkovsky, Peter"]
[Black "Miciak, Emanuel"]
[Result "0-1"]
[WhiteElo "1632"]
[BlackElo "1839"]
[PlyCount "56"]
[EventDate "2019.10.06"]

1. d4 Nf6 2. c4 g6 3. Nc3 Bg7 4. Nf3 O-O 5. g3 d6 6. Bg2 c5 7. O-O a6 8. dxc5
dxc5 9. Be3 Nbd7 10. Qb3 Ng4 11. Rad1 Nxe3 12. fxe3 Rb8 13. Nd5 e6 14. Nf4 Qc7
15. Nd3 b6 16. a4 a5 17. Qc2 Bb7 18. Nd2 Bxg2 19. Kxg2 Ne5 20. b3 Ng4 21. Rf3
Qc6 22. Nf1 Rbd8 23. h3 Nh6 24. g4 f5 25. g5 Nf7 26. h4 Qe4 27. Nh2 Ne5 28. Ne1
Qxc2 0-1

[Event "SVK 3.liga A2"]
[Site "?"]
[Date "2020.06.21"]
[Round "10.6"]
[White "Curidlo, Jan"]
[Black "Kosticky, Simon"]
[Result "0-1"]
[WhiteElo "1798"]
[BlackElo "1866"]
[PlyCount "92"]
[EventDate "2019.10.06"]

1. Nf3 c5 2. g3 Nc6 3. Bg2 d5 4. d4 cxd4 5. Nxd4 e5 6. Nf3 Nf6 7. c3 Bc5 8. b4
Bd6 9. Bg5 Be6 10. O-O O-O 11. a4 a6 12. Ne1 Ne7 13. Nc2 Rc8 14. Ne3 Bb8 15.
Qd2 Rc7 16. Rd1 Rd7 17. Qc2 Ba7 18. Nd2 h6 19. Bxf6 gxf6 20. Nf3 Qc7 21. Rac1
Rc8 22. Nh4 Bxe3 23. fxe3 Qb6 24. Qd3 d4 25. Qe4 dxc3 26. Rf1 Nd5 27. Nf5 Bxf5
28. Qxf5 Qxe3+ 29. Kh1 Rcd8 30. Be4 Qg5 31. Qh7+ Kf8 32. Bxd5 Rxd5 33. Rxc3 Rd1
34. Rcf3 Ke7 35. Qc2 Qd2 36. Qc5+ Qd6 37. Qf2 Qc6 38. Kg1 Rxf1+ 39. Qxf1 Qxa4
40. Kg2 Rd6 41. Qb1 Qd1 42. Qe4 Qd5 43. Qh4 Qd2 44. Qe4 Rb6 45. Rb3 Qd6 46. Kh3
Qe6+ 0-1

[Event "SVK 3.liga A2"]
[Site "?"]
[Date "2020.06.21"]
[Round "10.6"]
[White "Moravec, Milan"]
[Black "Musaev, Matej Elbek"]
[Result "0-1"]
[WhiteElo "1583"]
[BlackElo "1791"]
[PlyCount "106"]
[EventDate "2019.10.06"]

1. d4 d6 2. c4 g6 3. Nc3 Bg7 4. e4 Nc6 5. Nf3 e5 6. dxe5 Nxe5 7. Bd2 Ne7 8. Be2
O-O 9. Nxe5 dxe5 10. Nd5 Nc6 11. O-O Nd4 12. b4 c6 13. Ne3 Be6 14. Rc1 Qc7 15.
Re1 Rfd8 16. Nc2 Nxe2+ 17. Qxe2 Bxc4 18. Qxc4 Rxd2 19. Red1 Rad8 20. Rxd2 Rxd2
21. b5 Qd7 22. Ne3 cxb5 23. Qc8+ Bf8 24. Qxd7 Rxd7 25. Nd5 Kg7 26. Rb1 b4 27.
f3 a5 28. Kf1 f5 29. Ke2 Kf7 30. Rd1 Ke6 31. exf5+ gxf5 32. Nb6 Rc7 33. Kd3
Rc3+ 34. Ke2 Bc5 35. Na4 Rc4 36. Nb2 Rc2+ 37. Rd2 Rxd2+ 38. Kxd2 b5 39. Nd3 Kd5
40. Nc1 e4 41. fxe4+ Kxe4 42. Ke2 a4 43. Nd3 Bd6 44. h3 Kd4 45. Kd2 Be7 46. Ne1
Bg5+ 47. Kc2 Ke3 48. Nd3 Be7 49. Ne5 Kf4 50. Nf3 Bf6 51. Kd3 b3 52. axb3 a3 53.
Ne1 a2 0-1

[Event "SVK 3.liga A2"]
[Site "?"]
[Date "2020.06.28"]
[Round "11.1"]
[White "Vodicka, Michal"]
[Black "Bango, Dominik"]
[Result "1-0"]
[WhiteElo "1870"]
[BlackElo "1807"]
[PlyCount "65"]
[EventDate "2019.10.06"]

1. e4 e5 2. Nf3 Nc6 3. d4 exd4 4. c3 d5 5. exd5 Qxd5 6. cxd4 Bg4 7. Be2 O-O-O
8. Nc3 Bb4 9. Be3 Qa5 10. O-O Nf6 11. a3 Bxc3 12. bxc3 Ne4 13. Ne5 Nxe5 14.
Bxg4+ Nxg4 15. Qxg4+ f5 16. Qe2 Qxc3 17. Rab1 Qa5 18. Qb2 b6 19. Rfc1 Qa4 20.
f3 Nf6 21. Qa2 Nd5 22. Rc4 Qd7 23. Bf2 g5 24. a4 a5 25. Qb3 Kb7 26. Rbc1 Rhe8
27. Rc5 Ka7 28. Rxd5 Qxd5 29. Rxc7+ Ka8 30. Qxb6 Re1+ 31. Bxe1 Qxd4+ 32. Qxd4
Rxd4 33. Rc5 1-0

[Event "SVK 3.liga A2"]
[Site "?"]
[Date "2020.06.28"]
[Round "11.1"]
[White "Skreko, Igor"]
[Black "Slaba, Andrea"]
[Result "0-1"]
[WhiteElo "1761"]
[BlackElo "1969"]
[PlyCount "114"]
[EventDate "2019.10.06"]

1. c4 Nf6 2. Nc3 g6 3. g3 Bg7 4. Bg2 O-O 5. d4 d6 6. Nf3 Na6 7. O-O c5 8. d5
Nc7 9. Qd3 Nd7 10. e4 b5 11. cxb5 a6 12. b6 Nxb6 13. b3 a5 14. Qc2 f5 15. Bb2
fxe4 16. Ng5 Ba6 17. Rfe1 Bd3 18. Qd2 c4 19. Bxe4 h6 20. Bxd3 cxd3 21. Ne6 Nxe6
22. Rxe6 Nd7 23. Ne4 Bxb2 24. Qxb2 Kh7 25. f4 Rf5 26. Re1 Rf7 27. Qc3 Nf8 28.
Nf2 Nxe6 29. Rxe6 Rf6 30. Re3 Rc8 31. Qxd3 Qd7 32. Qe2 Rf7 33. Re6 Rc1+ 34. Kg2
Rc7 35. Ng4 Qc8 36. Qe4 Qg8 37. Ne3 Rf6 38. Rxe7+ Rxe7 39. Qxe7+ Qg7 40. Qe4
Qd7 41. Nc4 Rf8 42. Nxa5 Ra8 43. b4 Re8 44. Qd3 h5 45. Nc6 h4 46. Nd4 h3+ 47.
Kf3 Qb7 48. Nc6 Qb6 49. Qd4 Qb5 50. Qd2 Qf1+ 51. Kg4 Qg2 52. Qd3 Kh6 53. Qf3
Qxh2 54. f5 gxf5+ 55. Qxf5 Rg8+ 56. Kf3 Qxg3+ 57. Ke2 Qg4+ 0-1

[Event "SVK 3.liga A2"]
[Site "?"]
[Date "2020.06.28"]
[Round "11.1"]
[White "Podjavorinsky, Michal"]
[Black "Longauer, Jan"]
[Result "0-1"]
[WhiteElo "1979"]
[BlackElo "1853"]
[PlyCount "98"]
[EventDate "2019.10.06"]

1. e4 e6 2. Nc3 d5 3. d4 Bb4 4. e5 c5 5. a3 Ba5 6. b4 cxd4 7. Nb5 Bc7 8. f4 Bd7
9. Nxc7+ Qxc7 10. Nf3 Ne7 11. Bd3 Ba4 12. Bb2 a6 13. Bxd4 Nd7 14. O-O Bb5 15.
Rc1 Rc8 16. g4 Bxd3 17. cxd3 Qxc1 18. Qxc1 Rxc1 19. Rxc1 Nc6 20. Be3 h5 21. h3
hxg4 22. hxg4 Ke7 23. Kg2 f6 24. exf6+ gxf6 25. Kg3 Kd6 26. Bc5+ Kc7 27. a4 b6
28. Bf2 Kd6 29. b5 axb5 30. axb5 Na7 31. Nd4 Nc5 32. Ra1 Rh7 33. Ra3 Rc7 34.
Be1 e5 35. fxe5+ fxe5 36. Nf5+ Ke6 37. Bf2 d4 38. Nxd4+ exd4 39. Bxd4 Nxb5 40.
Bxc5 bxc5 41. Ra5 Nd4 42. Kf4 Kd5 43. Ra8 Rf7+ 44. Ke3 Rf3+ 45. Kd2 Ne6 46. Rg8
Kd4 47. g5 Rxd3+ 48. Kc2 Rg3 49. g6 c4 0-1

[Event "SVK 3.liga A2"]
[Site "?"]
[Date "2020.06.28"]
[Round "11.1"]
[White "Lopatievov, Alexander"]
[Black "Siska, Kristof"]
[Result "1-0"]
[WhiteElo "1878"]
[BlackElo "1787"]
[PlyCount "57"]
[EventDate "2019.10.06"]

1. e4 c5 2. c3 d5 3. exd5 Qxd5 4. d4 Nc6 5. Nf3 Bg4 6. Be2 Nf6 7. c4 Qd6 8. d5
Ne5 9. Nc3 Nxf3+ 10. Bxf3 Bd7 11. O-O Rg8 12. g3 g5 13. Re1 g4 14. Be4 Nxe4 15.
Nxe4 Qg6 16. Nxc5 O-O-O 17. Be3 h5 18. Nxd7 Rxd7 19. c5 h4 20. gxh4 Qh5 21. Qa4
Bg7 22. Bf4 e5 23. dxe6 Rd4 24. Qxa7 Rxf4 25. Qa8+ Kc7 26. Qxg8 Qxh4 27. Re2
Bd4 28. Rf1 g3 29. Qxg3 1-0

[Event "SVK 3.liga A2"]
[Site "?"]
[Date "2020.06.28"]
[Round "11.1"]
[White "Strapko, Tomas"]
[Black "Ganz, Marek"]
[Result "1-0"]
[WhiteElo "1865"]
[BlackElo "1667"]
[PlyCount "69"]
[EventDate "2019.10.06"]

1. e4 e5 2. f4 d6 3. Nf3 Nc6 4. c3 Be7 5. Be2 Nf6 6. d3 Ng4 7. O-O O-O 8. f5 d5
9. Qc2 dxe4 10. dxe4 Bc5+ 11. Kh1 Nf2+ 12. Rxf2 Bxf2 13. Nbd2 Qe7 14. Nc4 h6
15. g3 Bc5 16. b4 Bd6 17. Ne3 Qe8 18. f6 Qe6 19. fxg7 Kxg7 20. Nf5+ Kh8 21.
Bxh6 Rg8 22. Ng5 Qg6 23. Nh4 Qxg5 24. Bxg5 Rxg5 25. Rf1 Be6 26. Qd2 Rag8 27.
Nf5 Bf8 28. h4 R5g6 29. Bh5 Rf6 30. g4 Bc4 31. Rf2 a5 32. a3 a4 33. g5 Bh6 34.
Nxh6 Rd8 35. Qxd8+ 1-0

[Event "SVK 3.liga A2"]
[Site "?"]
[Date "2020.06.28"]
[Round "11.1"]
[White "Gajarsky, Julius"]
[Black "Miciak, Emanuel"]
[Result "1/2-1/2"]
[WhiteElo "1709"]
[BlackElo "1839"]
[PlyCount "127"]
[EventDate "2019.10.06"]

1. d4 Nf6 2. c4 g6 3. Nc3 Bg7 4. e4 d6 5. f4 O-O 6. Be2 c5 7. d5 e6 8. Nf3 exd5
9. cxd5 Re8 10. Qc2 a6 11. O-O b5 12. Nd2 Bg4 13. h3 Bxe2 14. Nxe2 Nxd5 15. Qd3
Nb4 16. Qb3 N4c6 17. a3 c4 18. Nxc4 Rxe4 19. Ne3 Na5 20. Qd1 Nbc6 21. Rb1 Nd4
22. Nc3 Re8 23. b4 Nc4 24. Nxc4 bxc4 25. Nd5 Rc8 26. Kh2 Nf5 27. g4 Nd4 28. Be3
Rxe3 29. Nxe3 Qe7 30. Nc2 Nb5 31. Re1 Qa7 32. Qf3 Nc3 33. Rbc1 d5 34. Qe3 d4
35. Qf2 Qd7 36. Qd2 Qd5 37. Qg2 Qxg2+ 38. Kxg2 d3 39. Ne3 d2 40. Red1 dxc1=Q
41. Rxc1 Ne2 42. Rxc4 Rxc4 43. Nxc4 Nd4 44. Ne3 Kf8 45. Nd5 Nc2 46. Nc7 Nxa3
47. Nxa6 Bd4 48. Nc7 Ke7 49. Kf3 Kd7 50. Nd5 Kd6 51. Ke4 Nb5 52. h4 Ke6 53.
Nc7+ Nxc7 54. Kxd4 Kd6 55. f5 h6 56. fxg6 fxg6 57. h5 g5 58. Ke4 Ke6 59. Kd4
Nb5+ 60. Ke4 Nd6+ 61. Kd4 Nb7 62. Ke4 Nd8 63. b5 Nb7 64. Kd4 1/2-1/2

[Event "SVK 3.liga A2"]
[Site "?"]
[Date "2020.06.28"]
[Round "11.1"]
[White "Curidlo, Jan"]
[Black "Dobis, Pavol"]
[Result "1-0"]
[WhiteElo "1798"]
[BlackElo "1568"]
[PlyCount "43"]
[EventDate "2019.10.06"]

1. Nf3 d6 2. d4 e6 3. Bf4 Nf6 4. e3 Be7 5. h3 O-O 6. Bd3 c5 7. c3 Nc6 8. O-O
Nd5 9. Bg3 h6 10. e4 Nf6 11. Re1 a6 12. a4 Qb6 13. e5 dxe5 14. dxe5 Nd7 15. Qe2
Rd8 16. Na3 Qc7 17. Rad1 Nf8 18. Nc4 b6 19. Nd6 Bb7 20. Be4 Rab8 21. Nh2 Nxe5
22. Nxb7 1-0

[Event "SVK 3.liga A2"]
[Site "?"]
[Date "2020.06.28"]
[Round "11.1"]
[White "Libich, Oliver"]
[Black "Musaev, Matej Elbek"]
[Result "0-1"]
[WhiteElo "1335"]
[BlackElo "1791"]
[PlyCount "38"]
[EventDate "2019.10.06"]

1. d4 d6 2. c4 Nc6 3. Nc3 e5 4. e3 g6 5. Nf3 Bg7 6. Be2 f5 7. dxe5 Nxe5 8. O-O
Ne7 9. Nxe5 Bxe5 10. Qc2 O-O 11. b3 Be6 12. Bb2 c6 13. Bf3 Qb6 14. Rad1 g5 15.
h3 g4 16. hxg4 fxg4 17. Be4 Nf5 18. Ne2 Nxe3 19. fxe3 Qxe3+ 0-1

[Event "SVK 3.liga A2"]
[Site "?"]
[Date "2020.06.28"]
[Round "11.2"]
[White "Travnicek, Petr"]
[Black "Holicky, Miroslav"]
[Result "1-0"]
[WhiteElo "2133"]
[BlackElo "1793"]
[PlyCount "33"]
[EventDate "2019.10.06"]

1. d4 d5 2. c4 c6 3. Nc3 Nf6 4. Nf3 e6 5. Bg5 dxc4 6. e4 b5 7. e5 h6 8. Bh4 g5
9. exf6 gxh4 10. Ne5 Bb7 11. Nxf7 Kxf7 12. Qh5+ Kxf6 13. Qxh4+ Kg7 14. Qxd8 Ba6
15. Be2 Bb4 16. Qc7+ Kg6 17. Bh5+ 1-0

[Event "SVK 3.liga A2"]
[Site "?"]
[Date "2020.06.28"]
[Round "11.2"]
[White "Benkovsky, Peter"]
[Black "Brunovsky, Peter"]
[Result "1/2-1/2"]
[WhiteElo "1632"]
[BlackElo "1905"]
[PlyCount "59"]
[EventDate "2019.10.06"]

1. d4 c6 2. c4 d5 3. Nc3 Nf6 4. Nf3 Nbd7 5. e3 Nb6 6. b3 Bg4 7. c5 Nbd7 8. Be2
e6 9. Bb2 Be7 10. O-O O-O 11. b4 Qc7 12. h3 Bf5 13. Bd3 Rfe8 14. Qc2 Bg6 15.
Bxg6 hxg6 16. Rfe1 Rad8 17. Rad1 Qb8 18. a3 Rc8 19. Nh2 e5 20. Ne2 e4 21. Ng3
Nh5 22. Nxh5 gxh5 23. Qe2 g6 24. f3 Bh4 25. Rf1 Bg3 26. f4 Nf8 27. Bc3 Ne6 28.
Be1 Bxe1 29. Rfxe1 Ng7 30. g4 1/2-1/2